<?xml version="1.0" encoding="UTF-8"?>
<record
    xmlns:xsi="http://www.w3.org/2001/XMLSchema-instance"
    xsi:schemaLocation="http://www.loc.gov/MARC21/slim http://www.loc.gov/standards/marcxml/schema/MARC21slim.xsd"
    xmlns="http://www.loc.gov/MARC21/slim">

  <leader>00960nas a2200265 i 4500</leader>
  <controlfield tag="003">DO-SdUA</controlfield>
  <controlfield tag="005">20260311095956.0</controlfield>
  <controlfield tag="007">ta</controlfield>
  <controlfield tag="008">260311e1992    dr m  p|r    ||   | spa d</controlfield>
  <datafield tag="040" ind1=" " ind2=" ">
    <subfield code="a">DO-SdUA</subfield>
    <subfield code="b">spa</subfield>
    <subfield code="c">DO-SdBNP</subfield>
    <subfield code="e">rda</subfield>
  </datafield>
  <datafield tag="041" ind1="0" ind2=" ">
    <subfield code="a">spa</subfield>
  </datafield>
  <datafield tag="245" ind1="0" ind2="0">
    <subfield code="a">Revista ADEFU :</subfield>
    <subfield code="b">&#xF3;rgano de la Asociaci&#xF3;n Pro-Desarrollo de Villa Fundaci&#xF3;n.</subfield>
  </datafield>
  <datafield tag="264" ind1=" " ind2=" ">
    <subfield code="a">Ban&#xED;, Rep&#xFA;blica Dominicana :</subfield>
    <subfield code="b">ADEFU,</subfield>
    <subfield code="c">1992-.</subfield>
  </datafield>
  <datafield tag="300" ind1=" " ind2=" ">
    <subfield code="a">volumen :</subfield>
    <subfield code="b">ilustraciones, fotograf&#xED;as ; </subfield>
    <subfield code="c">27 cm.</subfield>
  </datafield>
  <datafield tag="310" ind1=" " ind2=" ">
    <subfield code="a">mensual.</subfield>
  </datafield>
  <datafield tag="336" ind1=" " ind2=" ">
    <subfield code="a">texto</subfield>
    <subfield code="b">txt </subfield>
    <subfield code="2">rdacontent </subfield>
  </datafield>
  <datafield tag="337" ind1=" " ind2=" ">
    <subfield code="a">sin mediaci&#xF3;n </subfield>
    <subfield code="b">n </subfield>
    <subfield code="2">rdamedia</subfield>
  </datafield>
  <datafield tag="338" ind1=" " ind2=" ">
    <subfield code="a">volumen </subfield>
    <subfield code="b">nc </subfield>
    <subfield code="2">rdacarrier</subfield>
  </datafield>
  <datafield tag="362" ind1=" " ind2=" ">
    <subfield code="a">No. 4. febrero 1992.</subfield>
  </datafield>
  <datafield tag="500" ind1=" " ind2=" ">
    <subfield code="a">Catalogaci&#xF3;n basada en el: No. 4. febrero 1992.</subfield>
  </datafield>
  <datafield tag="500" ind1=" " ind2=" ">
    <subfield code="a">Es Gratuita.</subfield>
  </datafield>
  <datafield tag="651" ind1=" " ind2="7">
    <subfield code="a">Villa Fundaci&#xF3;n (Ciudades y pueblos)</subfield>
    <subfield code="v">Publicaciones peri&#xF3;dicas </subfield>
    <subfield code="z">Rep&#xFA;blica Dominicana</subfield>
    <subfield code="2">lemb</subfield>
    <subfield code="9">89177</subfield>
  </datafield>
  <datafield tag="710" ind1="2" ind2=" ">
    <subfield code="a">Asociaci&#xF3;n Pro-Desarrollo de Villa Fundaci&#xF3;n</subfield>
    <subfield code="9">89178</subfield>
  </datafield>
  <datafield tag="942" ind1=" " ind2=" ">
    <subfield code="2">ddc</subfield>
    <subfield code="c">ISSUE</subfield>
  </datafield>
  <datafield tag="952" ind1=" " ind2=" ">
    <subfield code="0">0</subfield>
    <subfield code="1">0</subfield>
    <subfield code="2">ddc</subfield>
    <subfield code="4">0</subfield>
    <subfield code="5">6</subfield>
    <subfield code="7">0</subfield>
    <subfield code="8">SE</subfield>
    <subfield code="a">BNPHU</subfield>
    <subfield code="b">BNPHU</subfield>
    <subfield code="d">2026-03-11</subfield>
    <subfield code="h">No. 4. febrero 1992</subfield>
    <subfield code="l">0</subfield>
    <subfield code="p">2026-2074</subfield>
    <subfield code="r">2026-03-11</subfield>
    <subfield code="t">e.1</subfield>
    <subfield code="w">2026-03-11</subfield>
    <subfield code="y">ISSUE</subfield>
    <subfield code="z">A un costo de varios millones de pesos.</subfield>
  </datafield>
  <datafield tag="952" ind1=" " ind2=" ">
    <subfield code="0">0</subfield>
    <subfield code="1">0</subfield>
    <subfield code="2">ddc</subfield>
    <subfield code="4">0</subfield>
    <subfield code="5">6</subfield>
    <subfield code="7">0</subfield>
    <subfield code="8">SE</subfield>
    <subfield code="a">BNPHU</subfield>
    <subfield code="b">BNPHU</subfield>
    <subfield code="d">2026-03-11</subfield>
    <subfield code="h">No. 5. abril 1992</subfield>
    <subfield code="l">0</subfield>
    <subfield code="p">2026-2075</subfield>
    <subfield code="r">2026-03-11</subfield>
    <subfield code="t">e.1</subfield>
    <subfield code="w">2026-03-11</subfield>
    <subfield code="y">ISSUE</subfield>
    <subfield code="z">Calles, aceras y contenes es un hecho.</subfield>
  </datafield>
  <datafield tag="952" ind1=" " ind2=" ">
    <subfield code="0">0</subfield>
    <subfield code="1">0</subfield>
    <subfield code="2">ddc</subfield>
    <subfield code="4">0</subfield>
    <subfield code="5">6</subfield>
    <subfield code="7">0</subfield>
    <subfield code="8">SE</subfield>
    <subfield code="a">BNPHU</subfield>
    <subfield code="b">BNPHU</subfield>
    <subfield code="d">2026-03-11</subfield>
    <subfield code="h">No. 5. abril 1992</subfield>
    <subfield code="l">0</subfield>
    <subfield code="p">2026-2076</subfield>
    <subfield code="r">2026-03-11</subfield>
    <subfield code="t">e.2</subfield>
    <subfield code="w">2026-03-11</subfield>
    <subfield code="y">ISSUE</subfield>
    <subfield code="z">Calles, aceras y contenes es un hecho.</subfield>
  </datafield>
  <datafield tag="952" ind1=" " ind2=" ">
    <subfield code="0">0</subfield>
    <subfield code="1">0</subfield>
    <subfield code="2">ddc</subfield>
    <subfield code="4">0</subfield>
    <subfield code="5">6</subfield>
    <subfield code="7">0</subfield>
    <subfield code="8">SE</subfield>
    <subfield code="a">BNPHU</subfield>
    <subfield code="b">BNPHU</subfield>
    <subfield code="d">2026-03-11</subfield>
    <subfield code="h">No. 6. junio 1992</subfield>
    <subfield code="l">0</subfield>
    <subfield code="p">2026-2077</subfield>
    <subfield code="r">2026-03-11</subfield>
    <subfield code="t">e.1</subfield>
    <subfield code="w">2026-03-11</subfield>
    <subfield code="y">ISSUE</subfield>
    <subfield code="z">Con el trabajo de todos... &#xA1;Ya s&#xED; podemos caminar por aceras!</subfield>
  </datafield>
  <datafield tag="952" ind1=" " ind2=" ">
    <subfield code="0">0</subfield>
    <subfield code="1">0</subfield>
    <subfield code="2">ddc</subfield>
    <subfield code="4">0</subfield>
    <subfield code="5">6</subfield>
    <subfield code="7">0</subfield>
    <subfield code="8">SE</subfield>
    <subfield code="a">BNPHU</subfield>
    <subfield code="b">BNPHU</subfield>
    <subfield code="d">2026-03-11</subfield>
    <subfield code="h">No. 7. Septiembre 1992</subfield>
    <subfield code="l">0</subfield>
    <subfield code="p">2026-2078</subfield>
    <subfield code="r">2026-03-11</subfield>
    <subfield code="t">e.1</subfield>
    <subfield code="w">2026-03-11</subfield>
    <subfield code="y">ISSUE</subfield>
    <subfield code="z">Nuevo Ayuntamiento.</subfield>
  </datafield>
  <datafield tag="952" ind1=" " ind2=" ">
    <subfield code="0">0</subfield>
    <subfield code="1">0</subfield>
    <subfield code="2">ddc</subfield>
    <subfield code="4">0</subfield>
    <subfield code="5">6</subfield>
    <subfield code="7">0</subfield>
    <subfield code="8">SE</subfield>
    <subfield code="a">BNPHU</subfield>
    <subfield code="b">BNPHU</subfield>
    <subfield code="d">2026-03-11</subfield>
    <subfield code="h">Octubre 1992</subfield>
    <subfield code="l">0</subfield>
    <subfield code="p">2026-2079</subfield>
    <subfield code="r">2026-03-11</subfield>
    <subfield code="t">e.1</subfield>
    <subfield code="w">2026-03-11</subfield>
    <subfield code="y">ISSUE</subfield>
    <subfield code="z">Edici&#xF3;n Especial. Semblanzas de una comunidad.</subfield>
  </datafield>
  <datafield tag="952" ind1=" " ind2=" ">
    <subfield code="0">0</subfield>
    <subfield code="1">0</subfield>
    <subfield code="2">ddc</subfield>
    <subfield code="4">0</subfield>
    <subfield code="5">6</subfield>
    <subfield code="7">0</subfield>
    <subfield code="8">SE</subfield>
    <subfield code="a">BNPHU</subfield>
    <subfield code="b">BNPHU</subfield>
    <subfield code="d">2026-03-11</subfield>
    <subfield code="h">No. 8. Diciembre 1992</subfield>
    <subfield code="l">0</subfield>
    <subfield code="p">2026-2080</subfield>
    <subfield code="r">2026-03-11</subfield>
    <subfield code="t">e.1</subfield>
    <subfield code="w">2026-03-11</subfield>
    <subfield code="y">ISSUE</subfield>
    <subfield code="z">Las calles rectil&#xED;neas, sus limpias aceras y contenes...</subfield>
  </datafield>
  <datafield tag="952" ind1=" " ind2=" ">
    <subfield code="0">0</subfield>
    <subfield code="1">0</subfield>
    <subfield code="2">ddc</subfield>
    <subfield code="4">0</subfield>
    <subfield code="5">6</subfield>
    <subfield code="7">0</subfield>
    <subfield code="8">SE</subfield>
    <subfield code="a">BNPHU</subfield>
    <subfield code="b">BNPHU</subfield>
    <subfield code="d">2026-03-11</subfield>
    <subfield code="h">A&#xF1;o 9. No. 26. Febrero 1998</subfield>
    <subfield code="l">0</subfield>
    <subfield code="p">2026-2081</subfield>
    <subfield code="r">2026-03-11</subfield>
    <subfield code="t">e.1</subfield>
    <subfield code="w">2026-03-11</subfield>
    <subfield code="y">ISSUE</subfield>
    <subfield code="z">Bellas j&#xF3;venes disfrutando las frescas brisas del Parque Central.</subfield>
  </datafield>
  <datafield tag="999" ind1=" " ind2=" ">
    <subfield code="c">60482</subfield>
    <subfield code="d">60482</subfield>
  </datafield>
</record>
